La tentativa /

Saved in:
Bibliographic Details
Main Author: Scarano, Luigi (autor)
Other Authors: Romero Soto, Luis Enrique (traducción) (traducción)
Format: Book
Language:Español
Subjects:
Tags: Add Tag
No Tags, Be the first to tag this record!

MARC

LEADER 00000nam^a2200000^a^4500
001 000165785
005 20250521000000.0
009 20260310101028.975
037 |a Acervo ITESO - Biblioteca 
041 |a ESP 
082 |a 345. 4004  |b SCA 
100 |a Scarano, Luigi  |e (autor) 
245 1 3 |a La tentativa /  |c L. Scarano ; tr. por L.E. Romero Soto. 
264 |a Bogotá, Colombia :  |b Temis,  |c 1960 
300 |a XXIII, 303 p. 
336 |a texto  |b txt  |2 rdacontenido 
337 |a sin mediación  |b n  |2 rdamedio 
338 |a volumen  |b nc  |2 rdasoporte 
500 |a Traducción de: Il tentativo 
649 |a XX 
650 |a Tentativa (Derecho Penal) -  |z Italia 
650 |a Tentativa (Derecho Penal) -  |z Europa 
650 |a Delitos -  |x Teoría 
650 |a Derecho Penal -  |z Italia 
650 |a Derecho Penal -  |z Europa 
650 |a Derecho Público -  |z Italia 
650 |a Derecho Público -  |z Europa 
700 |a Romero Soto, Luis Enrique  |e (traducción) 
910 |a Fondo General 
920 |a Impresos - Libros 
930 |a Colección General 
905 |a 101 
901 |a 0500101196  |b IT1  |c ACC  |u 20250521 
902 |a https://opac.biblio.iteso.mx/vufind/Record/000165785